Miloš Štefanovič: o modernom slovenskom politickom myslení pred hlasistami

Miloš Štefanovič ako úspešný organizátor politickej spolupráce slovenskej národnej a národnostnej potitiky 90. rokov 19. Storočia v Uhorsku. Slovenské politické myslenie v tomto období. Rozloženie síl založené na politickom poriadku, občianskej participácii a národnostno-kultúrnych právach v rámci v...

Full description

Saved in:
Bibliographic Details
Main Author: Pichler, Tibor
Format: Book Chapter
Language:Slovak
Subjects:
Tags: Add Tag
No Tags, Be the first to tag this record!

MARC

LEADER 00000naa$a2200000$$$4500
001 0110092
005 20231121102005.4
041 0 |a slo 
044 |a SK 
245 1 0 |a Miloš Štefanovič: o modernom slovenskom politickom myslení pred hlasistami  |c Tibor Pichler 
520 |a Miloš Štefanovič ako úspešný organizátor politickej spolupráce slovenskej národnej a národnostnej potitiky 90. rokov 19. Storočia v Uhorsku. Slovenské politické myslenie v tomto období. Rozloženie síl založené na politickom poriadku, občianskej participácii a národnostno-kultúrnych právach v rámci vtedajšieho Uhorska. 
610 2 0 |a filozofia 
610 2 0 |a modernizmus 
610 2 0 |a právo občianske 
610 2 0 |a teórie politické 
610 2 0 |a história 
100 1 |a Pichler, Tibor